00421nam a2200157Ia 4500003000400000008004100004040001600045082001600061100001700077245004300094260003100137300001100168650002100179650001200200650005100212GCL140319s9999 xx 000 0 eng d aGCL / cGCL04a944.05bT D1 aTULARD, JEAN10aDICTIONNAIRE NAPALEON / cTULARD, JEAN a[S.N] : bFAYARD ، c1989 a1866 P04aFRANCE - HISTORY04aHISTORY04aNAPOLEON 1, EMPORER OF THE FRANCE, 1769 - 1821